| 000 | 00763nam a2200253 a 4500 | ||
|---|---|---|---|
| 001 | vtls000969361 | ||
| 003 | NLI | ||
| 005 | 20210627095154.0 | ||
| 008 | 120112s1856 enk 000 0 eng | ||
| 039 | 9 |
_y201201121809 _zEntertech_02 |
|
| 040 | 0 |
_aNLI _beng _cEntertech-FY 2010 _eAACR2 |
|
| 041 | 0 | _aeng | |
| 044 | _aenk | ||
| 084 | _a124.E.147 | ||
| 100 | 1 |
_aDonaldson, Joseph, _d1793-1830 _9909708 |
|
| 245 | 1 | 0 |
_aRecollections of the eventful life of a soldier / _cJoseph Donaldson |
| 260 |
_aLondon : _bRichard Griffin, _c1856 |
||
| 300 |
_a334 p. ; _c15 cm. |
||
| 650 | 0 |
_aPeninsular War, 1807-1814 _xPersonal narratives _9803766 |
|
| 887 | _a | ||
| 901 |
_aIMP74442 : _b29.9.2010 |
||
| 902 | _a124.E.147 | ||
| 999 |
_aVIRTUA _c793271 _d793271 |
||
| 942 |
_2ddc _cBKS |
||